[Event "40th Olympiad Open"]
[Site "Istanbul TUR"]
[Date "2012.09.06"]
[Round "9.39"]
[Board "1"]
[White "Mok, Tze-Meng"]
[Black "Cuartas, Jaime Alexander"]
[Result "0-1"]
[WhiteTitle "IM"]
[BlackTitle "GM"]
[WhiteElo "2354"]
[BlackElo "2521"]
[WhiteTeam "Malaysia"]
[BlackTeam "Colombia"]
[WhiteFideId "5700329"]
[BlackFideId "4401190"]
[EventDate "2012.08.28"]

1. e4 c6 2. Nf3 d5 3. Nc3 Bg4 4. h3 Bxf3 5. Qxf3 Nf6 6. g3 e6 7. Bg2 Bb4 8. Qe2
O-O 9. O-O Bxc3 10. bxc3 Nxe4 11. Bxe4 dxe4 12. Qxe4 Qd5 13. Re1 Nd7 14. c4 Qxe4
15. Rxe4 c5 16. Rb1 b6 17. a4 e5 18. d3 f6 19. Bd2 Kf7 20. Kg2 Rfe8 21. Ree1 e4
22. Bc3 exd3 23. cxd3 Rxe1 24. Rxe1 Rd8 25. d4 cxd4 26. Bxd4 Rc8 27. Rc1 Nc5 28.
Bxc5 Rxc5 29. Kf3 Re5 30. Rb1 Ke6 31. Rb5 Kd6 32. Rxe5 fxe5 33. Ke4 Kc5 34. Kxe5
Kxc4 35. f4 b5 36. axb5 Kxb5 37. f5 a5 38. Kd4 Kc6 39. g4 Kd6 40. h4 a4 41. h5
a3 42. Kc3 Ke5 43. h6 gxh6 44. Kb3 h5 45. gxh5 Kxf5 46. Kxa3 Kg5 0-1

[Event "40th Olympiad Open"]
[Site "Istanbul TUR"]
[Date "2012.09.06"]
[Round "9.39"]
[Board "2"]
[White "Zapata, Alonso"]
[Black "Lim, Yee-Weng"]
[Result "1/2-1/2"]
[WhiteTitle "GM"]
[BlackTitle "IM"]
[WhiteElo "2481"]
[BlackElo "2287"]
[WhiteTeam "Colombia"]
[BlackTeam "Malaysia"]
[WhiteFideId "4400011"]
[BlackFideId "5700590"]
[EventDate "2012.08.28"]

1. e4 c5 2. Nf3 d6 3. d4 cxd4 4. Nxd4 Nf6 5. Nc3 g6 6. Be3 Bg7 7. f3 Nc6 8. Qd2
O-O 9. Bc4 Bd7 10. Bb3 Rc8 11. h4 h5 12. O-O-O Ne5 13. Kb1 Nc4 14. Bxc4 Rxc4 15.
Nde2 b5 16. Bh6 Qc7 17. Bxg7 Kxg7 18. Nf4 Qa5 19. Ncd5 Qxd2 20. Rxd2 Nxd5 21.
Nxd5 Re8 22. b3 Rc5 23. Kb2 f6 24. Rc1 Kf7 25. c3 Be6 26. Ne3 g5 27. hxg5 fxg5
28. g3 h4 29. gxh4 gxh4 30. Rh2 Rh8 31. f4 Bc8 32. Rg1 Rch5 33. Kc2 h3 34. Kd3
Rh4 35. Rf1 Ke8 36. Rf3 Rf8 37. Nd5 Kd8 38. Ke3 Bg4 39. Rff2 e6 40. Nb4 Bh5 41.
Nc6+ Kd7 42. Nxa7 Rb8 43. a4 bxa4 44. bxa4 Ra8 45. Nb5 Rxa4 46. Rd2 d5 47. exd5
Raxf4 48. dxe6+ Kxe6 49. Rxh3 Ke5 50. Rdh2 Rxh3+ 51. Rxh3 Bg4 52. Rh8 Rf3+ 53.
Kd2 Kd5 54. Rd8+ Kc5 55. Nd4 Rh3 56. Rg8 Rh2+ 57. Kd3 Rh3+ 58. Kc2 Bd7 59. Kb3
Rh6 60. Rg5+ Kb6 61. Kb4 Be8 62. c4 Rh1 63. c5+ Ka6 64. Rg7 Rh6 65. Re7 Bc6 66.
Kc4 Rg6 67. Nxc6 Rxc6 68. Kd5 Rc8 69. Kd6 Rh8 70. Kc7 Ka7 71. Rd7 Rg8 72. Kc6+
Ka8 73. Kb6 Rb8+ 74. Ka6 Rc8 75. Kb6 Rb8+ 76. Kc7 Rc8+ 77. Kd6 Rh8 78. c6 Kb8
79. Re7 Kc8 80. Re5 Rh6+ 81. Re6 Rxe6+ 82. Kxe6 Kc7 83. Kd5 Kc8 84. Kc5 Kc7 1/2-1/2

[Event "40th Olympiad Open"]
[Site "Istanbul TUR"]
[Date "2012.09.06"]
[Round "9.39"]
[Board "3"]
[White "Yeoh, Li Tian"]
[Black "Barrientos, Sergio E"]
[Result "0-1"]
[BlackTitle "GM"]
[WhiteElo "2258"]
[BlackElo "2500"]
[WhiteTeam "Malaysia"]
[BlackTeam "Colombia"]
[WhiteFideId "5702895"]
[BlackFideId "4401824"]
[EventDate "2012.08.28"]

1. e4 c5 2. c3 d5 3. exd5 Qxd5 4. d4 Nf6 5. Nf3 e6 6. Bd3 Be7 7. O-O O-O 8. c4
Qd7 9. dxc5 Rd8 10. Ne5 Qc7 11. Bf4 Qxc5 12. Nc3 Nc6 13. Nxc6 Qxc6 14. Qe2 b6
15. Rad1 Bb7 16. f3 h6 17. Kh1 Rd7 18. Bc2 Rxd1 19. Rxd1 Rc8 20. b3 a6 21. Ne4
Ne8 22. Nf2 Qc5 23. Qd3 g6 24. Ng4 Rd8 25. Qc3 Rxd1+ 26. Bxd1 Kh7 27. Be3 Qd6
28. Be2 h5 29. Nf2 Bf6 30. Qd3 Qb4 31. Bd2 Qa3 32. Qc2 Bd4 33. Nd3 Qd6 34. Bc3
Ng7 35. Bxd4 Qxd4 36. Qb2 Qh4 37. Qe5 Qd8 38. Qc3 Nf5 39. c5 Nd4 40. Bd1 b5 41.
b4 h4 42. Nf2 e5 43. Qd2 f5 44. Qe3 Qf6 45. Kg1 Kg7 46. a4 Bc6 47. axb5 axb5 48.
Bb3 e4 49. fxe4 Qe5 50. Ba2 h3 51. Nxh3 fxe4 52. Bb1 Nf5 53. Qf4 Qd4+ 54. Nf2
Qxb4 55. Qc7+ Kh8 56. g4 Qe1+ 57. Kg2 e3+ 58. Qxc6 Qxf2+ 59. Kh3 Qf1+ 60. Qg2 e2
61. Bd3 Qxg2+ 0-1

[Event "40th Olympiad Open"]
[Site "Istanbul TUR"]
[Date "2012.09.06"]
[Round "9.39"]
[Board "4"]
[White "Rios, Cristhian Camilo"]
[Black "Lim, Zhuo Ren"]
[Result "0-1"]
[WhiteTitle "FM"]
[WhiteElo "2398"]
[BlackElo "2120"]
[WhiteTeam "Colombia"]
[BlackTeam "Malaysia"]
[WhiteFideId "4403940"]
[BlackFideId "5702488"]
[EventDate "2012.08.28"]

1. d4 Nf6 2. c4 c5 3. d5 e6 4. Nc3 exd5 5. cxd5 d6 6. e4 g6 7. Nge2 Bg7 8. Ng3
Na6 9. Be2 Nc7 10. O-O O-O 11. a4 Rb8 12. Be3 Re8 13. h3 a6 14. a5 b5 15. Qc2 b4
16. Nb1 b3 17. Qd3 Bd7 18. Nd2 Rb4 19. Qb1 Bb5 20. Re1 Nd7 21. Ra3 Bxe2 22. Nxe2
Nb5 23. Rxb3 Qxa5 24. Rxb4 Qxb4 25. b3 Nf6 26. Ng3 Nc3 27. Qc2 Ncxe4 28. Ngxe4
Rxe4 29. Ra1 Re8 30. Ra4 Qb7 31. Nc4 Bf8 32. Qa2 Nxd5 33. Rxa6 Nxe3 34. Nxe3 d5
35. Qa4 Rb8 36. Ra7 Qxb3 37. Qd7 d4 38. Ng4 Bg7 39. Qc7 Re8 40. Qc6 Qb1+ 41. Kh2
Qb8+ 42. g3 h5 43. Rb7 Qc8 44. Qf3 Qe6 0-1

[Event "40th Olympiad Open"]
[Site "Istanbul TUR"]
[Date "2012.09.06"]
[Round "9.40"]
[Board "1"]
[White "Wynn Zaw Htun"]
[Black "Kawuma, Patrick"]
[Result "0-1"]
[WhiteTitle "IM"]
[BlackTitle "CM"]
[WhiteElo "2398"]
[BlackElo "2209"]
[WhiteTeam "Myanmar"]
[BlackTeam "Uganda"]
[WhiteFideId "13002783"]
[BlackFideId "10000127"]
[EventDate "2012.08.28"]

1. Nf3 c5 2. g3 g6 3. Bg2 Bg7 4. d3 Nc6 5. O-O e5 6. e4 Nge7 7. a4 O-O 8. Be3 d6
9. Qd2 f6 10. Na3 Be6 11. Nc4 Nd4 12. Ne1 d5 13. Na3 Qd7 14. b3 Rad8 15. exd5
Nxd5 16. Nc4 Nxe3 17. fxe3 Bh6 18. Qf2 Bxc4 19. bxc4 Nf5 20. Bd5+ Qxd5 21. cxd5
Bxe3 22. c4 Rde8 23. Rb1 Bxf2+ 24. Kxf2 Nd6 25. Nc2 e4 26. Ke2 Re7 27. Kd2 Kf7
28. Rbe1 Rfe8 29. Kc3 exd3 30. Kxd3 f5 31. Rxe7+ Rxe7 32. Re1 Rxe1 33. Nxe1 g5
34. Nf3 Kf6 35. Ne1 Ke5 36. Nf3+ Kf6 37. Ne1 b6 38. Nf3 h6 39. Ne1 Nf7 40. Kc3
Ne5 41. Ng2 Ng4 42. h4 Nf2 43. hxg5+ hxg5 44. Kc2 Ne4 45. g4 f4 46. Ne1 Nf2 47.
Nf3 Nxg4 48. d6 Nh6 49. d7 Nf7 50. Kd3 g4 51. Nd2 Ke7 52. Ke4 f3 53. Kf4 Nh6 54.
Kg5 f2 55. Nf1 Nf7+ 56. Kxg4 Ne5+ 57. Kg3 Nxc4 58. Kxf2 Nb2 59. a5 b5 0-1

[Event "40th Olympiad Open"]
[Site "Istanbul TUR"]
[Date "2012.09.06"]
[Round "9.40"]
[Board "2"]
[White "Wanyama, Harold"]
[Black "Win, Tun"]
[Result "1-0"]
[WhiteElo "2159"]
[BlackElo "2174"]
[WhiteTeam "Uganda"]
[BlackTeam "Myanmar"]
[WhiteFideId "10000380"]
[BlackFideId "13003100"]
[EventDate "2012.08.28"]

1. e4 e5 2. Nf3 Nf6 3. Nxe5 d6 4. Nf3 Nxe4 5. Nc3 Nf6 6. d4 Be7 7. Bd3 O-O 8. h3
Nbd7 9. Bf4 Re8 10. O-O Nf8 11. Ne2 Nd5 12. Bd2 Bf6 13. Ng3 g6 14. c4 Nb6 15.
Qc2 Ne6 16. Bc3 Nf4 17. Rfe1 Nxd3 18. Qxd3 Na4 19. Bd2 Be6 20. b3 Nb6 21. d5 Bd7
22. Bc3 c5 23. Ne4 Rxe4 24. Rxe4 Bf5 25. Nd2 Nd7 26. Rae1 Bxe4 27. Nxe4 Be7 28.
Qg3 Qf8 29. h4 h6 30. h5 g5 31. f4 f6 32. Qe3 gxf4 33. Qxf4 Ne5 34. Rf1 Qg7 35.
Nxf6+ Bxf6 36. Qxf6 Qxf6 37. Rxf6 Nf7 38. Rg6+ Kf8 39. Bg7+ Ke7 40. g4 Rg8 41.
Bf6+ Kf8 42. Be7+ 1-0

[Event "40th Olympiad Open"]
[Site "Istanbul TUR"]
[Date "2012.09.06"]
[Round "9.40"]
[Board "3"]
[White "Myo Naing"]
[Black "Emojong, Elijah"]
[Result "0-1"]
[WhiteTitle "IM"]
[BlackTitle "FM"]
[WhiteElo "2312"]
[BlackElo "2147"]
[WhiteTeam "Myanmar"]
[BlackTeam "Uganda"]
[WhiteFideId "13000071"]
[BlackFideId "10000402"]
[EventDate "2012.08.28"]

1. e4 e6 2. d4 d5 3. Nd2 c5 4. exd5 Qxd5 5. Ngf3 cxd4 6. Bc4 Qd6 7. Qe2 Nf6 8.
Nb3 Nc6 9. Bg5 a6 10. O-O-O b5 11. Bd3 Be7 12. Nbxd4 Nxd4 13. Nxd4 Qc5 14. Be3
Qc7 15. Nf3 O-O 16. Bd4 Bb7 17. Be5 Qa5 18. Kb1 Bd5 19. b3 b4 20. Ng5 h6 21. h4
Rfc8 22. f4 Qb6 23. Rh3 a5 24. g4 Nd7 25. Nf3 a4 26. g5 axb3 27. cxb3 Nxe5 28.
Nxe5 Rc3 29. Qh5 Rf8 30. gxh6 Bxb3 31. hxg7 Bxa2+ 32. Ka1 Rc1+ 33. Rxc1 Qd4+ 34.
Kxa2 Ra8+ 35. Kb3 Ra3+ 36. Kc2 Ra2+ 37. Kb3 Qb2+ 0-1

[Event "40th Olympiad Open"]
[Site "Istanbul TUR"]
[Date "2012.09.06"]
[Round "9.40"]
[Board "4"]
[White "Bibasa, Bob"]
[Black "Aung, Kyaw Moe"]
[Result "1-0"]
[WhiteTitle "CM"]
[WhiteElo "2213"]
[BlackElo "2149"]
[WhiteTeam "Uganda"]
[BlackTeam "Myanmar"]
[WhiteFideId "10000240"]
[BlackFideId "6200281"]
[EventDate "2012.08.28"]

1. e4 d5 2. exd5 Qxd5 3. Nf3 Nf6 4. d4 g6 5. c4 Qd6 6. Nc3 c6 7. Be2 Bg7 8. O-O
O-O 9. h3 a6 10. a4 a5 11. Be3 Na6 12. Qd2 Re8 13. Rfd1 Nb4 14. Rac1 Bf5 15. Bf4
Qd8 16. g4 Ne4 17. Qe3 Nxc3 18. bxc3 Bc2 19. Rd2 Bxa4 20. cxb4 axb4 21. Rb1 Qa5
22. c5 b5 23. cxb6 Qxb6 24. Ne5 Bxe5 25. Bxe5 f6 26. Bc4+ Kg7 27. Bf4 Ra7 28.
Bh6+ Kh8 29. Qe6 Rb8 30. Qf7 1-0

[Event "40th Olympiad Open"]
[Site "Istanbul TUR"]
[Date "2012.09.06"]
[Round "9.41"]
[Board "2"]
[White "Nilssen, John Arni"]
[Black "Juarez Flores, Carlos A."]
[Result "1/2-1/2"]
[WhiteTitle "IM"]
[BlackTitle "IM"]
[WhiteElo "2372"]
[BlackElo "2349"]
[WhiteTeam "Faroe Islands"]
[BlackTeam "Guatemala"]
[WhiteFideId "7200137"]
[BlackFideId "7300018"]
[EventDate "2012.08.28"]

1. d4 d5 2. c4 e6 3. Nf3 c5 4. cxd5 exd5 5. g3 Nc6 6. Nc3 c4 7. Bg2 Bb4 8. O-O
Nge7 9. e4 dxe4 10. Nxe4 Bf5 11. Nh4 Bxe4 12. Bxe4 Qxd4 13. Qc2 Qf6 14. Nf3 h6
15. a3 Ba5 16. Qxc4 O-O 17. Be3 Nf5 18. Bc5 Rfc8 19. Qd3 Rd8 20. Qb5 Nd6 21.
Bxd6 Rxd6 22. Rad1 Bb6 23. Rxd6 Qxd6 24. Bxc6 bxc6 25. Qe2 Rd8 26. Rc1 Qf6 27.
Rc4 Rd6 28. Re4 Qf5 29. Kg2 g6 30. h4 Kg7 31. Rf4 Re6 32. Qc4 Qd5 33. Kf1 Qd1+
34. Kg2 Qd5 35. Kf1 Kg8 36. Qxd5 cxd5 37. Ne1 Kf8 38. Nd3 h5 39. Nb4 d4 40. Rf3
f5 41. Rd3 Re5 42. Rd1 Kf7 43. Nd3 Re7 44. Rc1 Rc7 45. Ke2 Kf6 46. Rxc7 Bxc7 47.
Nf4 Bd6 48. b4 g5 49. hxg5+ Kxg5 50. Ne6+ Kg4 51. Nxd4 f4 52. gxf4 Bxf4 53. Kf1
h4 54. Kg1 h3 55. a4 Bd6 56. Nc6 a6 57. b5 axb5 58. axb5 Bc7 59. Nb4 Kf3 60. Nd5
Ba5 61. Kh2 Kxf2 62. Kxh3 Kf3 63. b6 Bxb6 1/2-1/2

[Event "40th Olympiad Open"]
[Site "Istanbul TUR"]
[Date "2012.09.06"]
[Round "9.41"]
[Board "4"]
[White "Nielsen, Rogvi Egilstoft"]
[Black "Galvez Dastin, Eduardo"]
[Result "1/2-1/2"]
[WhiteElo "2203"]
[BlackElo "2160"]
[WhiteTeam "Faroe Islands"]
[BlackTeam "Guatemala"]
[WhiteFideId "7200447"]
[BlackFideId "7300310"]
[EventDate "2012.08.28"]

1. e4 c6 2. d4 d5 3. Nc3 dxe4 4. Nxe4 Bf5 5. Ng3 Bg6 6. Nf3 e6 7. h4 h6 8. Ne5
Bh7 9. Bd3 Bxd3 10. Qxd3 Nf6 11. Bd2 Be7 12. O-O-O O-O 13. f4 c5 14. dxc5 Qc7
15. Ne4 Rd8 16. Nxf6+ Bxf6 17. Qg3 Bxe5 18. fxe5 Kh8 19. Rhf1 Nc6 20. Rde1 Nd4
21. Qf2 Qxc5 22. c3 Qc4 23. Bxh6 Qxa2 24. cxd4 Rac8+ 25. Kd1 Qb1+ 26. Ke2 Qe4+
27. Qe3 Qxg2+ 28. Qf2 Qe4+ 29. Qe3 Rc2+ 30. Kd1 Rxd4+ 31. Qxd4 Qxd4+ 32. Kxc2
gxh6 33. Rxf7 Qxh4 34. Ref1 Qe4+ 35. Kb3 Qxe5 36. R1f6 Qd5+ 37. Kc2 e5 38. Kb1
h5 39. Rc7 Qd1+ 40. Ka2 Qa4+ 41. Kb1 Kg8 42. Rd6 Qe4+ 1/2-1/2

[Event "40th Olympiad Open"]
[Site "Istanbul TUR"]
[Date "2012.09.06"]
[Round "9.42"]
[Board "2"]
[White "Samhouri, Bilal"]
[Black "Kananub, Warot"]
[Result "1/2-1/2"]
[WhiteTitle "FM"]
[WhiteElo "2244"]
[BlackElo "2139"]
[WhiteTeam "Jordan"]
[BlackTeam "Thailand"]
[WhiteFideId "8100942"]
[BlackFideId "6201601"]
[EventDate "2012.08.28"]

1. Nf3 Nf6 2. c4 e6 3. g3 d5 4. Bg2 Be7 5. b3 O-O 6. O-O Nbd7 7. Bb2 c6 8. d4 b6
9. cxd5 cxd5 10. Nc3 Bb7 11. Rc1 a6 12. Qd3 Rc8 13. Rfd1 Ne4 14. Nd2 Nxd2 15.
Rxd2 Nf6 16. f3 b5 17. a4 b4 18. Na2 Qb6 19. e3 Rxc1+ 20. Bxc1 Rc8 21. Rc2 Rxc2
22. Qxc2 a5 23. Bd2 Qc6 24. Qxc6 Bxc6 25. Nc1 Nd7 26. Bf1 f6 27. Kf2 g6 28. Bd3
e5 29. Ne2 Kf7 30. Bc1 Bd6 31. Bb2 Ke7 32. h4 Kf7 33. g4 Nb6 34. Bc2 Nd7 35. Ng3
Nf8 36. Ne2 Ne6 37. Kg2 Bc7 38. Kf2 Bd6 39. Kf1 Bc7 40. Kf2 Bd6 41. Ke1 Bd7 42.
Kf2 1/2-1/2

[Event "40th Olympiad Open"]
[Site "Istanbul TUR"]
[Date "2012.09.06"]
[Round "9.42"]
[Board "3"]
[White "Kongsee, Uaychai"]
[Black "Mansour, Sameer"]
[Result "1-0"]
[BlackTitle "FM"]
[WhiteElo "2273"]
[BlackElo "2244"]
[WhiteTeam "Thailand"]
[BlackTeam "Jordan"]
[WhiteFideId "6200346"]
[BlackFideId "8100144"]
[EventDate "2012.08.28"]

1. e4 c5 2. Nf3 g6 3. d4 cxd4 4. Nxd4 Bg7 5. Nc3 Nc6 6. Be3 Nf6 7. Bc4 O-O 8.
Bb3 d6 9. f3 Bd7 10. Qd2 Nxd4 11. Bxd4 b5 12. O-O-O a5 13. Nd5 Nxd5 14. Bxd5 Rc8
15. Bxg7 Kxg7 16. a3 Qb6 17. Qd4+ Qxd4 18. Rxd4 f5 19. Re1 f4 20. c3 Kf6 21. Kb1
Rc5 22. Kc2 Rfc8 23. g3 g5 24. gxf4 gxf4 25. Rg1 Be8 26. Rg4 e5 27. Rd3 Bh5 28.
Rg1 R8c7 29. b4 axb4 30. axb4 Rxd5 31. Rxd5 Bxf3 32. Rxd6+ Ke7 33. Rd3 Rc4 34.
Rxf3 Rxe4 35. Kd3 Rc4 36. Re1 Kd6 37. Rh3 Rc7 38. Ke4 1-0

[Event "40th Olympiad Open"]
[Site "Istanbul TUR"]
[Date "2012.09.06"]
[Round "9.43"]
[Board "1"]
[White "Jere, Daniel"]
[Black "Edirisinghe, Dulan"]
[Result "1-0"]
[WhiteTitle "FM"]
[WhiteElo "2382"]
[BlackElo "2046"]
[WhiteTeam "Zambia"]
[BlackTeam "Sri Lanka"]
[WhiteFideId "8700249"]
[BlackFideId "9900446"]
[EventDate "2012.08.28"]

1. c4 Nf6 2. g3 g6 3. Bg2 Bg7 4. Nc3 d6 5. Nf3 O-O 6. O-O e5 7. d3 Nc6 8. Rb1 h6
9. b4 Be6 10. b5 Ne7 11. a4 Qc8 12. Re1 Nd7 13. Ba3 f5 14. Rc1 Rf7 15. Nd5 Qd8
16. Nxe7+ Qxe7 17. d4 Nb6 18. Nxe5 Bxe5 19. dxe5 Nxc4 20. exd6 cxd6 21. Bb4 Kh7
22. e4 Qf6 23. Bc3 Qg5 24. f4 Qd8 25. exf5 Bxf5 26. Bd5 Rc7 27. Qd4 Nb6 28. Bf3
Qd7 29. a5 Nc4 30. b6 axb6 31. axb6 Rcc8 32. Bd5 Na3 33. Qf6 Re8 34. Bf7 1-0

[Event "40th Olympiad Open"]
[Site "Istanbul TUR"]
[Date "2012.09.06"]
[Round "9.43"]
[Board "3"]
[White "Bwalya, Gillan"]
[Black "Anuruddha, G C"]
[Result "1-0"]
[WhiteElo "2256"]
[BlackElo "2137"]
[WhiteTeam "Zambia"]
[BlackTeam "Sri Lanka"]
[WhiteFideId "8700257"]
[BlackFideId "9900438"]
[EventDate "2012.08.28"]

1. d4 d5 2. Nf3 Nf6 3. c4 c6 4. e3 e6 5. Nbd2 Be7 6. Bd3 Nbd7 7. O-O dxc4 8.
Nxc4 c5 9. Qe2 O-O 10. Rd1 Qc7 11. Bd2 b5 12. Ba5 Nb6 13. Nce5 c4 14. Bc2 Ba6
15. a3 Rac8 16. e4 Qb7 17. Qe1 Na4 18. Rab1 Nb6 19. h3 Qa8 20. Qe3 Bb7 21. Re1
Bd6 22. Re2 Nfd7 23. Nxd7 Nxd7 24. Qg5 a6 25. Qh4 e5 26. Rd1 Bc7 27. Bxc7 Rxc7
28. dxe5 Re8 29. Red2 Nf8 30. Qg4 Rce7 31. Nd4 Bc8 32. Qg3 Rxe5 33. f4 R5e7 34.
e5 Qa7 35. Kh2 Qb6 36. Be4 Bd7 37. Nc2 Bc8 38. Ne3 Qa7 39. Nd5 Kh8 40. Nxe7 Qxe7
41. Bc6 Kg8 42. Bxe8 Qxe8 43. Rd8 Qe6 44. Qe3 Qf5 45. g4 Qe6 46. Qc5 1-0

[Event "40th Olympiad Open"]
[Site "Istanbul TUR"]
[Date "2012.09.06"]
[Round "9.43"]
[Board "4"]
[White "Jayasundara, P K U M"]
[Black "Kayonde, Andrew"]
[Result "1-0"]
[WhiteElo "2027"]
[BlackElo "2180"]
[WhiteTeam "Sri Lanka"]
[BlackTeam "Zambia"]
[WhiteFideId "9900578"]
[BlackFideId "8700281"]
[EventDate "2012.08.28"]

1. e4 d6 2. d4 Nf6 3. Nc3 g6 4. g3 Bg7 5. Bg2 O-O 6. Nge2 e5 7. h3 Nc6 8. Be3
exd4 9. Nxd4 Bd7 10. O-O Re8 11. a4 a6 12. a5 Nb4 13. g4 Bc6 14. Nxc6 Nxc6 15.
f4 Nd7 16. Qd2 Kh8 17. Kh1 Rc8 18. Ra2 f5 19. exf5 gxf5 20. g5 Nc5 21. Qf2 Qe7
22. Re1 Nb4 23. Raa1 Qf7 24. Bd4 Ne6 25. Bxg7+ Qxg7 26. Rad1 c5 27. Nd5 Nxd5 28.
Rxd5 Qxb2 29. Rxd6 Nf8 30. Rdd1 Qb4 31. Re5 Rxe5 32. fxe5 f4 33. Qf3 Rb8 34. Qd5
Qxa5 35. Qd6 f3 36. Bxf3 1-0

[Event "40th Olympiad Open"]
[Site "Istanbul TUR"]
[Date "2012.09.06"]
[Round "9.44"]
[Board "1"]
[White "Stefansson, Hannes"]
[Black "Gohil, Mehul"]
[Result "1-0"]
[WhiteTitle "GM"]
[WhiteElo "2515"]
[BlackElo "2072"]
[WhiteTeam "Iceland"]
[BlackTeam "Kenya"]
[WhiteFideId "2300087"]
[BlackFideId "10800999"]
[EventDate "2012.08.28"]

1. e4 Nf6 2. e5 Nd5 3. d4 d6 4. c4 Nb6 5. exd6 cxd6 6. Nc3 g6 7. Be3 Bg7 8. Rc1
Nc6 9. d5 Ne5 10. Be2 O-O 11. b3 h6 12. Bd4 f5 13. f4 Ned7 14. Bxg7 Kxg7 15. Nf3
Re8 16. Nd4 Nf8 17. O-O e5 18. dxe6 Bxe6 19. Bf3 Re7 20. Re1 Bf7 21. Qd2 Ne6 22.
Bxb7 Rb8 23. Nc6 1-0

[Event "40th Olympiad Open"]
[Site "Istanbul TUR"]
[Date "2012.09.06"]
[Round "9.44"]
[Board "2"]
[White "Atwoli, Joseph"]
[Black "Gretarsson, Hjorvar Steinn"]
[Result "0-1"]
[BlackTitle "IM"]
[WhiteElo "2065"]
[BlackElo "2506"]
[WhiteTeam "Kenya"]
[BlackTeam "Iceland"]
[WhiteFideId "10800816"]
[BlackFideId "2302241"]
[EventDate "2012.08.28"]

1. e4 c5 2. Nc3 e6 3. f4 d5 4. Nf3 dxe4 5. Bb5+ Bd7 6. Bxd7+ Qxd7 7. Nxe4 Nc6 8.
d3 Nh6 9. b3 Be7 10. Bb2 Nf5 11. Qd2 h5 12. O-O-O O-O-O 13. Ne5 Nxe5 14. Bxe5
Rhe8 15. Qa5 b6 16. Qd2 Qc6 17. Ng3 Nd4 18. Bxd4 cxd4 19. Kb1 Rd5 20. Ne2 Kb7
21. Ng1 Qb5 22. Nf3 Bb4 23. Qc1 Bc3 24. Nd2 Rc8 25. Ne4 Bb4 26. a3 Be7 0-1

[Event "40th Olympiad Open"]
[Site "Istanbul TUR"]
[Date "2012.09.06"]
[Round "9.44"]
[Board "3"]
[White "Thorhallsson, Throstur"]
[Black "Gateri, Martin"]
[Result "1-0"]
[WhiteTitle "GM"]
[BlackTitle "FM"]
[WhiteElo "2426"]
[BlackElo "2082"]
[WhiteTeam "Iceland"]
[BlackTeam "Kenya"]
[WhiteFideId "2300109"]
[BlackFideId "10800174"]
[EventDate "2012.08.28"]

1. e4 c6 2. Nc3 d5 3. Nf3 dxe4 4. Nxe4 Nd7 5. Bc4 e6 6. d4 Ngf6 7. Qe2 Be7 8.
O-O Nb6 9. Bd3 h6 10. c4 Nbd7 11. Bf4 Nxe4 12. Bxe4 Nf6 13. Bc2 O-O 14. Rad1 Re8
15. Ne5 Bf8 16. Qd3 Qe7 17. Ng4 g6 18. Nxh6+ Kh7 19. Qh3 Kg7 20. Be5 Qd8 21. Ng4
Be7 22. Qh6+ Kg8 23. Bxg6 Bf8 1-0

[Event "40th Olympiad Open"]
[Site "Istanbul TUR"]
[Date "2012.09.06"]
[Round "9.46"]
[Board "1"]
[White "Eid, Fadi"]
[Black "Haddouche, Mohamed"]
[Result "1/2-1/2"]
[WhiteTitle "IM"]
[BlackTitle "IM"]
[WhiteElo "2377"]
[BlackElo "2429"]
[WhiteTeam "Lebanon"]
[BlackTeam "Algeria"]
[WhiteFideId "5300118"]
[BlackFideId "7900660"]
[EventDate "2012.08.28"]

1. e4 e5 2. Nc3 Nf6 3. g3 Be7 4. Bg2 d6 5. Nge2 c6 6. d4 Nbd7 7. O-O O-O 8. a4
b6 9. h3 h5 10. b3 a6 11. Bb2 Bb7 12. Nb1 Re8 13. Nd2 Bf8 14. Re1 b5 15. c4 bxa4
16. Rxa4 exd4 17. Bxd4 c5 18. Bxf6 Nxf6 19. Nf4 g6 20. Nd5 Nd7 21. f4 Bg7 22. e5
dxe5 23. f5 e4 24. fxg6 fxg6 25. Nxe4 Bd4+ 26. Kh2 Bc6 27. Ra2 a5 28. Rae2 Bg7
29. Qc2 h4 30. Nd6 Rxe2 31. Rxe2 hxg3+ 32. Kh1 Ne5 33. Rxe5 Qxd6 34. Ne7+ Kh7
35. Rh5+ Bh6 36. Bxc6 Rf8 37. Qxg6+ Qxg6 38. Nxg6 Kxg6 39. Rxc5 Rf2 40. Re5 Rb2
41. Re6+ Kg7 42. h4 Rxb3 43. h5 Bf4 44. Rg6+ Kh8 45. Rg4 Rb1+ 46. Kg2 Rb2+ 47.
Kf3 Rf2+ 48. Ke4 a4 49. Bxa4 g2 50. Rxg2 Rxg2 51. Kxf4 Rh2 52. Ke5 Rxh5+ 53. Kd6
Rh4 54. Bb5 Kg7 55. c5 Rd4+ 56. Ke5 Rb4 57. Bd7 Kf7 58. c6 Ke7 59. Kd5 Rb5+ 60.
Kc4 Rb6 61. Kc5 Rxc6+ 62. Bxc6 1/2-1/2

[Event "40th Olympiad Open"]
[Site "Istanbul TUR"]
[Date "2012.09.06"]
[Round "9.46"]
[Board "3"]
[White "Kassis, Antoine LIB"]
[Black "Dekar, Lies"]
[Result "1-0"]
[WhiteTitle "CM"]
[BlackTitle "IM"]
[WhiteElo "2209"]
[BlackElo "2155"]
[WhiteTeam "Lebanon"]
[BlackTeam "Algeria"]
[WhiteFideId "5300150"]
[BlackFideId "7900066"]
[EventDate "2012.08.28"]

1. e4 c5 2. Nf3 d6 3. d4 cxd4 4. Nxd4 Nf6 5. Nc3 e6 6. g4 h6 7. h4 Nc6 8. Rg1 h5
9. gxh5 Nxh5 10. Bg5 Nf6 11. Be2 Qb6 12. Nb3 a6 13. Qd2 Bd7 14. Rg2 Qc7 15.
O-O-O b5 16. a3 Rb8 17. f4 Na5 18. Nxa5 Qxa5 19. e5 b4 20. exf6 bxc3 21. Qxc3
Qxc3 22. bxc3 Rg8 23. fxg7 Rxg7 24. h5 Bc6 25. Rh2 Be4 26. Bxa6 Kd7 27. h6 Rh7
28. a4 Bg7 29. Re2 Bf3 30. hxg7 Bxe2 31. Bxe2 Rxg7 32. a5 f5 33. a6 e5 34. Bf6
Rg2 35. Bf3 Rf2 36. a7 1-0

[Event "40th Olympiad Open"]
[Site "Istanbul TUR"]
[Date "2012.09.06"]
[Round "9.46"]
[Board "4"]
[White "Medjkouh, Said"]
[Black "Sakr, Nassim"]
[Result "1-0"]
[BlackTitle "CM"]
[WhiteElo "2081"]
[BlackElo "2171"]
[WhiteTeam "Algeria"]
[BlackTeam "Lebanon"]
[WhiteFideId "7901496"]
[BlackFideId "5300185"]
[EventDate "2012.08.28"]

1. c4 c5 2. g3 Nc6 3. Bg2 g6 4. Nc3 Bg7 5. e3 e5 6. Nge2 Nge7 7. O-O d6 8. d3
O-O 9. a3 a5 10. Rb1 Bd7 11. Bd2 Rb8 12. Qc2 h5 13. Ne4 Nf5 14. N2c3 Nce7 15. b4
axb4 16. axb4 cxb4 17. Rxb4 Bc6 18. Rfb1 Qd7 19. Qb3 Rbd8 20. Nd5 Kh8 21. Nec3
Nc8 22. Nb6 Nxb6 23. Rxb6 Ne7 24. Bxc6 bxc6 25. Ne4 Rc8 26. Bb4 Nf5 27. Ba5 Qa7
28. Bc3 Qd7 29. Qa4 Rc7 30. Kg2 Rfc8 31. Qa6 f6 32. Ba5 Ra7 33. Qxc8+ Qxc8 34.
Rb8 Qxb8 35. Rxb8+ Kh7 36. Bd8 Rf7 37. Rb6 Rf8 38. Bc7 d5 39. Nc5 Rc8 40. Ne6
dxc4 41. dxc4 Bf8 42. Bd8 Kg8 43. Bxf6 Kf7 44. Nxf8 Kxf6 45. Nd7+ Ke6 46. Nc5+
Kd6 47. Ne4+ Kc7 48. Ra6 Kb7 49. Nc5+ Kc7 50. Ne4 Kb7 51. Ra5 Re8 52. h3 Kb6 53.
Ra2 Rd8 54. g4 hxg4 55. hxg4 Ne7 56. c5+ Kb5 57. Ra7 Nd5 58. Rg7 1-0